Migrating to the cloud : (Record no. 23198)
[ view plain ]
| 000 -LEADER | |
|---|---|
| fixed length control field | 01635cam a22002895a 4500 |
| 001 - CONTROL NUMBER | |
| control field | 16924590 |
| 005 - DATE AND TIME OF LATEST TRANSACTION | |
| control field | 20201128024010.0 |
| 008 - FIXED-LENGTH DATA ELEMENTS--GENERAL INFORMATION | |
| fixed length control field | 110817t2012 maua fr 001 0 eng d |
| 020 ## - INTERNATIONAL STANDARD BOOK NUMBER | |
| International Standard Book Number | 9781597496476 |
| 040 ## - CATALOGING SOURCE | |
| Original cataloging agency | DLC |
| Transcribing agency | DLC |
| Modifying agency | YDX |
| -- | BTCTA |
| -- | YDXCP |
| -- | BWX |
| -- | CDX |
| -- | DLC |
| -- | EG-ScBUE |
| Language of cataloging | eng |
| 082 04 - DEWEY DECIMAL CLASSIFICATION NUMBER | |
| Classification number | 004.6782 |
| Edition number | 22 |
| Item number | LAS |
| 100 1# - MAIN ENTRY--PERSONAL NAME | |
| Personal name | Laszewski, Tom. |
| 245 10 - TITLE STATEMENT | |
| Title | Migrating to the cloud : |
| Remainder of title | Oracle client/server modernization / |
| Statement of responsibility, etc | Tom Laszewski, Prakash Nauduri ; editor Ward Spangenberg. |
| 260 ## - PUBLICATION, DISTRIBUTION, ETC. (IMPRINT) | |
| Place of publication, distribution, etc | Waltham : |
| Name of publisher, distributor, etc | Syngress / Elsevier, |
| Date of publication, distribution, etc | c.2012. |
| 300 ## - PHYSICAL DESCRIPTION | |
| Extent | xxiv, 369 p. : |
| Other physical details | ill. ; |
| Dimensions | 24 cm. |
| 500 ## - GENERAL NOTE | |
| General note | Index : p. 341-369. |
| 505 0# - FORMATTED CONTENTS NOTE | |
| Formatted contents note | Migrating to the cloud : client/server migrations to the Oracle cloud -- Identifying the level of effort and cost -- Methodology and design -- Relational migration tools -- Database schema and data migration -- Database stored object migration -- Application migration/porting due to database migration -- Migrating applications to the cloud -- Service enablement of client/server applications -- Oracle database cloud infrastructure planning and implementation -- Sybase migrations from a systems integrator perspective, and case study -- Application migration : Oracle forms to Oracle application development -- Application migration : Powerbuilder to Oracle Apex. |
| 630 #7 - SUBJECT ADDED ENTRY--UNIFORM TITLE | |
| Uniform title | Oracle (Computer file) |
| 9 (RLIN) | 3065 |
| 650 #7 - SUBJECT ADDED ENTRY--TOPICAL TERM | |
| Topical term or geographic name as entry element | Cloud computing. |
| Source of heading or term | BUEsh |
| 9 (RLIN) | 37309 |
| 650 #7 - SUBJECT ADDED ENTRY--TOPICAL TERM | |
| Topical term or geographic name as entry element | Systems migration. |
| Source of heading or term | BUEsh |
| 650 #7 - SUBJECT ADDED ENTRY--TOPICAL TERM | |
| Topical term or geographic name as entry element | Client/server computing. |
| Source of heading or term | BUEsh |
| 9 (RLIN) | 33834 |
| 651 ## - SUBJECT ADDED ENTRY--GEOGRAPHIC NAME | |
| Source of heading or term | BUEsh |
| 653 ## - INDEX TERM--UNCONTROLLED | |
| Resource For college | Informatics and Computer Science |
| Arrived date list | November2016 |
| 700 1# - ADDED ENTRY--PERSONAL NAME | |
| Personal name | Nauduri, Prakash. |
| 700 1# - ADDED ENTRY--PERSONAL NAME | |
| Personal name | Spangenberg, Ward, |
| Relator term | editor. |
| 942 ## - ADDED ENTRY ELEMENTS (KOHA) | |
| Source of classification or shelving scheme | Dewey Decimal Classification |
| Withdrawn status | Item status | Source of classification or shelving scheme | Damaged status | Not for loan | Vendor | Home library | Current library | Shelving location | Date acquired | Source of acquisition | Cost, normal purchase price | Serial Enumeration / chronology | Total Checkouts | Full call number | Barcode | Date last seen | Cost, replacement price | Koha item type |
|---|---|---|---|---|---|---|---|---|---|---|---|---|---|---|---|---|---|---|
| Dewey Decimal Classification | Baccah | Central Library | Central Library | Lower Floor | 20/11/2016 | Purchase | 319.50 | 2000088 | 004.6782 LAS | 000034935 | 15/07/2025 | 399.38 | Book - Borrowing |